Highest Paid NHL Contracts (2000-Present) - Statistics

General Stats
  • This quiz has been taken 119 times
    88 since last reset
  • The average score is 67 of 113
Answer Stats
Year Team AAV Answer % Correct
EDM $15mil Connor McDavid
93%
EDM $15mil Connor McDavid
93%
EDM $14mil Connor McDavid
93%
EDM $13mil Connor McDavid
93%
EDM $12mil Connor McDavid
93%
PIT $9mil Sidney Crosby
92%
PIT $9mil Sidney Crosby
92%
PIT $9mil Sidney Crosby
92%
PIT $9mil Sidney Crosby
92%
PIT $12mil Sidney Crosby
92%
PIT $12mil Sidney Crosby
92%
PIT $12mil Sidney Crosby
92%
WAS $9mil Alex Ovechkin
90%
WAS $9mil Alex Ovechkin
90%
WAS $9mil Alex Ovechkin
90%
TOR $15.9mil Auston Matthews
86%
2020-21 TOR $15.9mil Auston Matthews
86%
CHI $13.8mil Patrick Kane
86%
CHI $13.8mil Patrick Kane
86%
2017-18 CHI $13.8mil Patrick Kane
86%
2019-20 TOR $16mil Mitch Marner
83%
TOR $15mil Mitch Marner
83%
MTL $15mil Carey Price
81%
MTL $15mil Carey Price
81%
MTL $13mil Carey Price
81%
CHI $13.8mil Jonathan Toews
81%
CHI $13.8mil Jonathan Toews
81%
CHI $13.8mil Jonathan Toews
81%
PIT $9mil Evgeni Malkin
80%
PIT $9mil Evgeni Malkin
80%
2018-19 TOR $15.9mil John Tavares
80%
TOR $15.9mil John Tavares
80%
DAL $13mil Tyler Seguin
80%
2022-23 DAL $13mil Tyler Seguin
80%
NYR $13mil Artemi Panarin
76%
NYR $13mil Artemi Panarin
76%
NYR $12.5mil Artemi Panarin
76%
DAL $13mil Jamie Benn
76%
DAL $13mil Jamie Benn
76%
2021-22 SJS $14.5mil Erik Karlsson
75%
SJS $12mil Erik Karlsson
75%
PIT $9.8mil Jaromir Jagr
73%
2001-02 WAS $11mil Jaromir Jagr
73%
2002-03 WAS $11.5mil Jaromir Jagr
73%
WAS $11mil Jaromir Jagr
73%
2005-06 NYR $8.4mil Jaromir Jagr
73%
2006-07 NYR $8.4mil Jaromir Jagr
73%
NYR $8.4mil Jaromir Jagr
73%
2012-13 NSH $14mil Shea Weber
73%
2013-14 NSH $14mil Shea Weber
73%
2014-15 NSH $14mil Shea Weber
73%
2015-16 NSH $14mil Shea Weber
73%
MTL $12mil Shea Weber
73%
MTL $12mil Shea Weber
73%
COL $9.8mil Joe Sakic
71%
2016-17 LAK $14mil Anze Kopitar
68%
LAK $13mil Anze Kopitar
68%
2000-01 COL $10mil Peter Forsberg
66%
2003-04 COL $11mil Peter Forsberg
66%
FLA $12mil Sergei Bobrovsky
64%
FLA $12mil Sergei Bobrovsky
64%
SJS $9.5mil Teemu Selanne
63%
STL $7.3mil Keith Tkachuk
61%
STL $11mil Keith Tkachuk
61%
STL $10mil Keith Tkachuk
61%
STL $7.6mil Keith Tkachuk
61%
EDM $12mil Darnell Nurse
58%
NYR $11mil Henrik Lundqvist
56%
WAS $12mil John Carlson
54%
CAR $9.3mil Eric Staal
53%
MIN $12mil Zach Parise
53%
MIN $12mil Zach Parise
53%
MIN $11mil Zach Parise
53%
MIN $12mil Ryan Suter
51%
MIN $12mil Ryan Suter
51%
MIN $11mil Ryan Suter
51%
CGY $7mil Jarome Iginla
49%
2009-10 TBL $10mil Vincent Lecavalier
44%
2010-11 TBL $10mil Vincent Lecavalier
44%
TBL $10mil Vincent Lecavalier
44%
DET $10.5mil Nicklas Lidstrom
41%
DET $10mil Nicklas Lidstrom
41%
DET $7.6mil Nicklas Lidstrom
41%
DET $7.6mil Nicklas Lidstrom
41%
VAN $10mil Roberto Luongo
41%
STL $9.5mil Chris Pronger
39%
FLA $9mil Pavel Bure
39%
FLA $10mil Pavel Bure
39%
NYR $10mil Pavel Bure
39%
PIT $10mil Phil Kessel
37%
ANA $10mil Paul Kariya
34%
ANA $10mil Paul Kariya
34%
ANA $10mil Paul Kariya
34%
TOR $7.6mil Mats Sundin
31%
VAN $8.6mil Mats Sundin
31%
2008-09 OTT $10mil Dany Heatley
27%
2004-05 NONE NONE NONE
25%
TBL $7.8mil Brad Richards
20%
2011-12 NYR $12mil Brad Richards
20%
NYR $12mil Brad Richards
20%
BUF $11mil Ryan O'Reilly
20%
2007-08 PHI $10mil Daniel Briere
19%
BUF $10mil Tomas Vanek
17%
CGY $8.5mil Miikka Kiprusoff
12%
NYR $10mil Scott Gomez
8%
NYI $7.6mil Alexei Yashin
7%
NYI $7.6mil Alexei Yashin
7%
PHI $8mil Kimmo Timonen
7%
ANA $10mil Sergei Federov
5%
PHI $10mil Ilya Bryzgalov
3%
NYR $8.1mil Chris Drury
2%
BUF $12mil Tyler Myers
2%
BUF $10mil Christian Ehrhoff
0%
No matching quizzes found
Score Distribution
Percent of People with Each Score
Percentile by Number Answered
Your Score History
You have not taken this quiz since the last reset